Datum a čas kvízu
32.5
Celkem bodů
Celkový počet nahraných bodů na tomto kvízu bez doplňovacích otázek.
2.
Pořadí na kvízu
Konečné umístění týmu na tomto kvízu.
Zaznamenané odpovědi
| # | Otázka | Odpověď | Body | Výsledky |
|---|---|---|---|---|
| 1. | Na politickou scénu se vracejí... | Taťána Malá; spravedlnost | 1 | |
| 2. | K půlročnímu vězení odsoudil n... | líbali se | 0 | |
| 3. | V úterý vystoupily v pražské O... | Megadeth; Disturbed | 1 | |
| 4. | Minulý týden jsme se dozvěděli... | Venezuela | 1 | |
| 5. | V neděli se na pardubickém dos... | Stumptown; Irsko | 0.5 | |
| 6. | Rozdělení Římské říše mezi Hon... | na konci 4. století | 1 | |
| 7. | Ve 14. století Evropu sevřela... | D | 1 | |
| 8. | Podepsání Mnichovské dohody by... | appeasement (politika appeasementu) | 1 | |
| 9. | Jak se jednoslovně nazývá tent... | Watergate | 0 | |
| 10. | Jak moc velkou chybou byl či n... | A | 0 |